| 000 | 00811cam a2200217 4500 | ||
|---|---|---|---|
| 001 | WB3816-21 | ||
| 008 | 020501n2002 000 0 eng u | ||
| 035 | _a(Sirsi) u117812 | ||
| 245 | _a£1.9m deal to map out future | ||
| 260 | _c2002 | ||
| 490 |
_aDTLR News Release _v(0174) 1 May 2002, (2) |
||
| 520 | _aA one-year Pan-Government Agreement (PGA) pilot between the DTLR and Ordnance Survey (OS) will give all government departments and agencies access to a wide range of OS map data. The move should improve the delivery of public services. http://www.press.dtlr.gov.uk/pns/DisplayPN.cgi?pn_id=2002_0174 | ||
| 590 | _aWB | ||
| 650 | _aDTLR | ||
| 650 | _aORDNANCE SURVEY | ||
| 650 | _aPUBLIC SERVICES | ||
| 650 | _aMAPPING | ||
| 650 | _aDATA | ||
| 690 | _aMAPPING AND MEASUREMENT | ||
| 942 | _n0 | ||
| 999 |
_c70156 _d70156 |
||